| 000 | 00000nam##2200000za#4500 |
| 001 | 9.696460 |
| 003 | CaOODSP |
| 005 | 20210624235038 |
| 007 | cr ||||||||||| |
| 008 | 150407|2001||||xxc|||||o f|0| 0 eng|d |
| 040 | |aCaOODSP|beng |
| 043 | |an-cn--- |
| 086 | 1 |aF2-156/2001E-PDF |
| 110 | 1 |aCanada. |bDepartment of Finance. |
| 245 | 10|aLegislative proposals relating to tobacco products : |h[electronic resource]|bnotice of ways and means motion and explanatory notes / |cpublished by the Honourable Paul Martin, Minister of Finance. |
| 260 | |aOttawa - Ontario : |bFinance Canada |cApril 2001. |
| 300 | |a94p. |
| 500 | |aThe catalogue number (F2-156/2001E) and ISBN (0-660-18517-2) for the print edition have been incorrectly copied in this electronic publication. |
| 520 | 3 |aThis document, with the short title Tobacco Tax Amendments Act, 2001, outlines changes to tobacco-related sections of the Customs Act, Customs Tariff, Excise Act, Excise Tax Act and Income Tax Act. Among some of the topics discussed in the document are: duty on tobacco imported by a traveller, stamp regulations, where possession or sale is not an offence, exemption for tobacco products for sale in foreign duty-free shops, and unauthorized sale of Ontario-marked tobacco. |
| 590 | |a12-33-Supp|b2012-07-18 |
| 690 | 07|aCustoms and excise|2gcpds |
| 690 | 07|aLegislation|2gcpds |
| 690 | 07|aTobacco industry|2gcpds |
| 775 | 08|tPropositions législatives concernant les produits du tabac : |w(CaOODSP)9.640575 |
| 776 | 0#|tLegislative proposals relating to tobacco products : |w(CaOODSP)9.648138 |
| 856 | 40|ahttp://publications.gc.ca|qPDF|s213 KB|uhttps://publications.gc.ca/collections/Collection/F2-156-2001E.pdf |